01333cam a22003135a 45000010009000000050017000090080041000260100017000670200031000840200015001150400038001300820025001681000030001932450119002232500031003422600047003733000035004204900036004556500039004916500046005306510010005766530038005867000031006247000046006559420008007019990017007099520147007269520146008731839054420201128023851.0141201s2016 nyua frb 001 0 eng d a 2014043202 a9789814646932 (alk. paper) a9814646938 aDLCbengcDLCdEG-ScBUEdEG-ScBUE04a338.5024658bBRI2221 aBrickley, James A.94151910aManagerial economics and organizational architecture /cJames A. Brickley, Clifford W. Smith, Jerold L. Zimmerman. a6th ed., International ed. aNew York : bMcGraw-Hill Education,c2016. axxvi, 739 p. :bill. ;c24 cm.0 aMcGraw-Hill series in economics 7aManagerial economics.2BUEsh92351 7aOrganizational effectiveness.2BUEsh9891 2BUEsh bBUSECOcOctober2016cDecember20161 aSmith, Clifford W. 9415201 aZimmerman, Jerold L. 91762d1947- 2ddc c22547d22519 00102ddc40708AcademicaMAINbMAINc1STd2016-10-12ePurchaseg588.00h9132l0o338.5024658 BRIp000034039r2025-07-15 00:00:00v735.00yBB 00102ddc40708BaccahaMAINbMAINc1STd2016-12-06ePurchaseg480.00h25140l0o338.5024658 BRIp000040228r2025-07-15 00:00:00v600.00yBB